Új remény a gyógyíthatatlan betegségek kezelésében rangos elismerést vehetett át az SZTE kutatója /

Elmentve itt :
Bibliográfiai részletek
Szerző: Fülöp Tímea
További közreműködők: Kovács-Jerney Ádám
Dokumentumtípus: Cikk
Megjelent: 2026-01-08
Sorozat:SZTE Info
Kulcsszavak:Kitüntetés, Martinek Tamás - tanszékvezető egyetemi tanár - gyógyszerkutatás Tématerületi Kiválósági Program (TKP) szakmai vezetője - "Kiemelt hasznosítás" Oklevél, Projekt- "Terápiás makromolekulák humán sejtekbe való bejuttatása kaveoláris útvonalon keresztül nagy affinitású, GM1 gangliozid receptor specifikus oligopeptid jelölő szekvenciával", Orvosi Vegytani Intézet, Szent-Györgyi Albert Orvostudományi Kar - SZAOK, Rendezvénysorozat - SZTE Innovációs Nap 2025, Kutatás - fejlesztés - innováció, Kutatás - biológikumok sejten belüli működésének vizsgálata, Innováció - fehérjealapú gyógyszerek előállítása, Betegellátás - daganatos betegségek, Nemzetközi kapcsolatok - USA
Online Access:http://univ.bibl.u-szeged.hu/76443
LEADER 01585nab a2200181 i 4500
001 univ76443
005 20260109134113.0
008 260109s2026 hu o 000 hun d
040 |a SZTE UnivHistória Repozitórium  |b hun 
041 |a hun 
100 1 |a Fülöp Tímea 
245 1 0 |a Új remény a gyógyíthatatlan betegségek kezelésében   |h [elektronikus dokumentum] :  |b rangos elismerést vehetett át az SZTE kutatója /  |c  Fülöp Tímea 
260 |c 2026-01-08 
490 0 |a SZTE Info 
561 |a Egyetemi hirarchívum 
695 |a Kitüntetés, Martinek Tamás - tanszékvezető egyetemi tanár - gyógyszerkutatás Tématerületi Kiválósági Program (TKP) szakmai vezetője - "Kiemelt hasznosítás" Oklevél, Projekt- "Terápiás makromolekulák humán sejtekbe való bejuttatása kaveoláris útvonalon keresztül nagy affinitású, GM1 gangliozid receptor specifikus oligopeptid jelölő szekvenciával", Orvosi Vegytani Intézet, Szent-Györgyi Albert Orvostudományi Kar - SZAOK, Rendezvénysorozat - SZTE Innovációs Nap 2025, Kutatás - fejlesztés - innováció, Kutatás - biológikumok sejten belüli működésének vizsgálata, Innováció - fehérjealapú gyógyszerek előállítása, Betegellátás - daganatos betegségek, Nemzetközi kapcsolatok - USA 
700 0 2 |a Kovács-Jerney Ádám 
856 4 0 |u http://univ.bibl.u-szeged.hu/76443/1/Szegedi%20Tudom%C3%A1nyegyetem%20_%20%C3%9Aj%20rem%C3%A9ny%20a%20gy%C3%B3gy%C3%ADthatatlan%20betegs%C3%A9gek%20kezel%C3%A9s%C3%A9ben_%20rangos%20elismer%C3%A9st%20vehetett%20%C3%A1t%20az%20SZTE%20kutat%C3%B3ja.pdf  |z Dokumentum-elérés